[Event "ROM-ch U10 Girls"]
[Site "Calimanesti"]
[Date "2013.04.04"]
[Round "4"]
[White "Nicolae, Elena Diana"]
[Black "Mirza, Hana Carmina"]
[Result "1-0"]
[WhiteElo "1187"]
[BlackElo "1001"]
[PlyCount "71"]
[EventDate "2013.04.02"]
[EventType "swiss"]
[EventRounds "9"]
[EventCountry "ROU"]
[SourceTitle "CBM 153 Extra"]
[Source "ChessBase"]
[SourceDate "2013.04.22"]
[SourceVersion "1"]
[SourceVersionDate "2013.04.22"]
[SourceQuality "1"]

1. e4 e5 2. Nf3 Nc6 3. Bc4 h6 4. Nc3 Nf6 5. 0-0 Bc5 6. d3 0-0 7. h3 d6 8. Ne2 Be6 9. Bb3 Nh5 10. Kh2 Qf6 11. Ng3 Nxg3 12. fxg3 Qg6 13. Nh4 Qf6 14. Rxf6 gxf6 15. Qh5 Rfd8 16. Qxh6 Nb4 17. Qxf6 d5 18. Bh6 Bf8 19. Bxf8 Kxf8 20. g4 Ke8 21. g5 Rd6 22. Qh8+ Kd7 23. Qxa8 dxe4 24. dxe4 Rd2 25. Bxe6+ fxe6 26. g6 Nxc2 27. Rf1 Ne3 28. Rf7+ Kc6 29. g7 Rxb2 30. g8Q Rxa2 31. Qgc8 Kc5 32. Rxc7+ Kd4 33. Qaxb7 Kd3 34. Qb3+ Ke2 35. Qxa2+ Kd3 36. Rd7+ 1-0